2000's Movies by Hint - Statistics

General Stats
  • This quiz has been taken 746 times
  • The average score is 10 of 15
Answer Stats
Hint Year Actor Movie % Correct
J.R.R. Tolkein, Gollum, One Ring to Rule Them All 2001 Sean Astin Lord of the Rings: The Fellowship of the Ring
95%
Ogre, Donkey, Cameron Diaz 2001 Mike Myers Shrek
89%
Carl Frederickson, Balloons, Pixar 2009 Ed Asner Up
89%
Blue, Not Airbender, James Cameron 2009 Sigourney Weaver Avatar
81%
Sharpay, We're All in This Together, Bop to the Top 2006 Lucas Grabeel High School Musical
81%
Why so Serious?, Morgan Freeman, TDK 2008 Christian Bale The Dark Knight
78%
Megan Fox, Robots in Disguise, Peter Cullen 2007 Shia Lebeouf Transformers
77%
Webs, Daily Bugle, James Franco 2002 Kirsten Dunst Spider-Man
75%
Hugh Jackman, Mutants, Rogue 2000 Patrick Stewart X-Men
75%
Paul Walker, Cars, Family 2001 Vin Diesel Fast and the Furious
69%
Robin Williams, Dancing, Penguins 2006 Nicole Kidman Happy Feet
58%
Syndrome, Dash, Samuel L. Jackson 2004 Holly Hunter The Incredibles
54%
Louis Sachar, Even Stevens, Digging 2003 Tim Blake Nelson Holes
48%
Very Cold, Dennis Leary, Chris Wedge 2002 Ray Romano Ice Age
39%
Zac Efron, Christopher Walken, Musical 2007 James Marsden Hairspray
34%
No matching quizzes found
Score Distribution
Percent of People with Each Score
Percentile by Number Answered
Your Score History
You have not taken this quiz